[Event "Cto Aragón Equipos Pref Gr I"]
[Site "Aragón"]
[Date "2014.01.25"]
[Round "1.52"]
[White "Salas Latorre, Jose"]
[Black "Serrat Claver, David"]
[Result "1/2-1/2"]
[WhiteElo "1798"]
[BlackElo "1631"]
[PlyCount "79"]
[EventDate "2014.??.??"]
[EventRounds "9"]
[EventCountry "ESP"]
[WhiteTeam "Jaime Casas B"]
[BlackTeam "Agrupacion B"]

1. c4 c5 2. Nf3 Nc6 3. Nc3 g6 4. d4 cxd4 5. Nxd4 Bg7 6. Nf3 d6 7. Bg5 Nf6 8. e3
Bf5 9. Bd3 Qd7 10. a3 O-O 11. O-O Rfd8 12. Qc2 Bxd3 13. Qxd3 Rac8 14. Rab1 Ne5
15. Nxe5 dxe5 16. Qxd7 Rxd7 17. Rfd1 Rcd8 18. Rxd7 Rxd7 19. Rd1 Kf8 20. Rxd7
Nxd7 21. e4 Nc5 22. Be3 Nd3 23. b3 a6 24. Kf1 f5 25. f3 Nf4 26. g3 Ne6 27. Na4
Ke8 28. Ke2 f4 29. Bb6 fxg3 30. hxg3 Kd7 31. Nc5+ Nxc5 32. Bxc5 e6 33. Be3 Bf8
34. a4 Bb4 35. Kf2 Kc6 36. Kg2 Bc5 37. Bd2 Be7 38. Bc3 Kc5 39. Kf2 Bd6 40. Kg2
1/2-1/2

[Event "Cto Aragón Equipos Pref Gr II"]
[Site "Aragon"]
[Date "2014.01.25"]
[Round "1.53"]
[White "Antonano Fedz-Quincoces, Aveli"]
[Black "Lopez Caudevilla, David"]
[Result "0-1"]
[WhiteElo "2047"]
[BlackElo "2057"]
[PlyCount "114"]
[EventDate "2014.??.??"]
[WhiteTeam "St. Casablanca C"]
[BlackTeam "Actur Rey Fernando"]

1. e4 d6 2. d4 Nf6 3. Nc3 g6 4. Be3 Bg7 5. Qd2 O-O 6. Bh6 c6 7. Bxg7 Kxg7 8.
Nf3 b5 9. Bd3 Bg4 10. Ng5 b4 11. Ne2 h6 12. Nf3 Qb6 13. Qf4 Bxf3 14. Qxf3 e5
15. dxe5 dxe5 16. O-O-O Nbd7 17. g4 Qa5 18. Kb1 Nb6 19. h4 Ng8 20. g5 h5 21.
Nc1 Qc5 22. Be2 Qe7 23. Nb3 c5 24. Na5 Rac8 25. Nc4 Rfd8 26. Nxb6 axb6 27. Rxd8
Rxd8 28. Rd1 Rxd1+ 29. Bxd1 c4 30. c3 f6 31. Qe3 fxg5 32. Qxg5 Qxg5 33. hxg5
bxc3 34. bxc3 Ne7 35. Be2 b5 36. a4 bxa4 37. Bxc4 Nc8 38. Bf1 Nd6 39. Bg2 Kf8
40. Ka2 Ke7 41. Ka3 Nb5+ 42. Kxa4 Nxc3+ 43. Kb3 Ne2 44. Kc2 Nf4 45. Bh1 Nh3 46.
Kd2 Nxg5 47. Ke3 Ne6 48. Bf3 Nf4 49. Bh1 g5 50. Kf3 Kf6 51. Kg3 Kg6 52. Kf3 g4+
53. Kg3 Kg5 54. Kh2 Kh4 55. Bg2 Nxg2 56. Kxg2 Kg5 57. f3 Kf4 0-1

[Event "Cto Aragón Equipos Pref Gr II"]
[Site "Aragon"]
[Date "2014.01.25"]
[Round "1.54"]
[White "Fernandez Sierra, Pedro Jose"]
[Black "Cebollada Pacheco, Jesus Raul"]
[Result "0-1"]
[WhiteElo "1706"]
[BlackElo "2031"]
[PlyCount "54"]
[EventDate "2014.??.??"]
[WhiteTeam "Actur Rey Fernando"]
[BlackTeam "St. Casablanca C"]

1. e4 e5 2. Nf3 Nc6 3. Bc4 Bc5 4. O-O Nf6 5. d3 a6 6. a3 d6 7. Nc3 h6 8. b4 Ba7
9. b5 Nd4 10. h3 axb5 11. Nxb5 Nxb5 12. Bxb5+ c6 13. Bc4 O-O 14. Re1 Re8 15.
Bb2 Qb6 16. Rb1 Qxf2+ 17. Kh1 Qg3 18. Nh2 b5 19. Bb3 Be6 20. Qf3 Qxf3 21. Nxf3
Bc5 22. Ra1 Ra6 23. Ra2 Rea8 24. Rea1 Kf8 25. Kh2 Ke7 26. g4 Nd7 27. c3 Bxb3
0-1

[Event "Cto Aragón Equipos Pref Gr II"]
[Site "Aragon"]
[Date "2014.01.25"]
[Round "1.55"]
[White "Alvarez Gonzalo, Miguel Angel"]
[Black "Manzanares Saiz, Jose Manuel"]
[Result "1-0"]
[WhiteElo "1968"]
[BlackElo "1681"]
[PlyCount "73"]
[EventDate "2014.??.??"]
[WhiteTeam "St. Casablanca C"]
[BlackTeam "Actur Rey Fernando"]

1. c4 f5 2. g3 Nf6 3. Bg2 e6 4. Nf3 Be7 5. O-O O-O 6. d4 c6 7. Nc3 d6 8. Bg5
Nbd7 9. b4 Ne4 10. Bxe7 Qxe7 11. Qc2 Ndf6 12. a4 Nxc3 13. Qxc3 Ne4 14. Qc2 Ng5
15. Nd2 d5 16. b5 Ne4 17. Nf3 f4 18. Ne5 fxg3 19. fxg3 cxb5 20. axb5 Nf6 21.
Rac1 Qa3 22. Rf3 Qb4 23. Rb1 Qe7 24. c5 Nd7 25. Rxf8+ Qxf8 26. Rf1 Qe8 27. Nf7
Nf6 28. Nd6 Qd7 29. Bh3 b6 30. Qd3 a5 31. bxa6 Bxa6 32. Qe3 Ne4 33. Nxe4 dxe4
34. Qxe4 Re8 35. cxb6 Bb7 36. Qf4 Qc6 37. Qf7+ 1-0

[Event "Cto Aragón Equipos Pref Gr II"]
[Site "Aragon"]
[Date "2014.01.25"]
[Round "1.56"]
[White "Arbiol Val, Sergio"]
[Black "Solanas Godes, Beatriz"]
[Result "0-1"]
[WhiteElo "1551"]
[BlackElo "1861"]
[PlyCount "152"]
[EventDate "2014.??.??"]
[WhiteTeam "Actur Rey Fernando"]
[BlackTeam "St. Casablanca C"]

1. e4 e5 2. Nf3 Nc6 3. Nc3 Nf6 4. d4 exd4 5. Nd5 Nxd5 6. exd5 Bb4+ 7. Bd2 Qe7+
8. Qe2 Bxd2+ 9. Kxd2 Qxe2+ 10. Bxe2 Ne7 11. d6 cxd6 12. Nxd4 a6 13. Rhe1 O-O
14. Bf3 Nc6 15. Nf5 Rb8 16. Nxd6 b5 17. Re3 Nd4 18. Rae1 Nxf3+ 19. Rxf3 Rb6 20.
Rd3 Rc6 21. Ree3 g6 22. c3 Rc7 23. Re7 Rc6 24. Ke2 b4 25. Kd2 bxc3+ 26. bxc3 a5
27. Nxc8 Rfxc8 28. Rexd7 Rb6 29. Kc2 a4 30. Ra7 Rcb8 31. Rd2 Rb2+ 32. Kd1 Rxd2+
33. Kxd2 Rb2+ 34. Kc1 Rxa2 35. Kb1 Rxf2 36. Rxa4 Rxg2 37. Rh4 g5 38. Rh3 f5 39.
c4 Rg4 40. Rc3 Rd4 41. Kc1 Kf7 42. c5 Rd7 43. c6 Rc7 44. Kd2 Ke6 45. Rc5 h6 46.
Ke3 f4+ 47. Kf3 Kd6 48. Rf5 Ke6 49. Rc5 Kd6 50. Rf5 Rxc6 51. h4 Ke6 52. Ra5
Rc3+ 53. Kf2 Kf6 54. Ra6+ Kg7 55. h5 Rh3 56. Ra7+ Kg8 57. Ra8+ Kf7 58. Ra7+ Kf6
59. Ra6+ Kf5 60. Rxh6 g4 61. Rh8 Kg5 62. Rg8+ Kxh5 63. Rh8+ Kg5 64. Rg8+ Kf5
65. Rf8+ Kg5 66. Rg8+ Kf5 67. Rf8+ Ke4 68. Re8+ Kd3 69. Rf8 Rf3+ 70. Kg2 Ke2
71. Ra8 Rf2+ 72. Kg1 Rf1+ 73. Kg2 f3+ 74. Kg3 Rg1+ 75. Kh2 g3+ 76. Kxg1 f2+ 0-1

[Event "Cto Aragón Equipos Pref Gr II"]
[Site "Aragon"]
[Date "2014.01.25"]
[Round "1.57"]
[White "Fuertes Garay, Javier"]
[Black "Malo Guillen, Jose Luis"]
[Result "1/2-1/2"]
[WhiteElo "2097"]
[BlackElo "2211"]
[PlyCount "75"]
[EventDate "2014.??.??"]
[WhiteTeam "ONCE CA Aragon B"]
[BlackTeam "Las Fuentes"]

1. e4 d5 2. exd5 Nf6 3. d4 Nxd5 4. c4 Nb6 5. Nc3 e5 6. d5 c6 7. Nf3 Bb4 8. Bd2
O-O 9. Be2 cxd5 10. cxd5 Bxc3 11. Bxc3 f6 12. d6 Be6 13. O-O Nc6 14. b4 Nd5 15.
Bc4 Qxd6 16. Qb3 b5 17. Bxb5 Ne3 18. Qa4 Nxf1 19. Bxc6 Rac8 20. b5 Qd3 21. Bb4
e4 22. Rd1 Qc4 23. Nd4 Bg4 24. Rxf1 Qxd4 25. Qb3+ Kh8 26. Bxf8 Rxf8 27. a4 Be2
28. Re1 Rd8 29. h3 Bd1 30. Qe3 f5 31. a5 Ba4 32. Qxd4 Rxd4 33. f3 g6 34. fxe4
fxe4 35. Kf2 Rb4 36. Rxe4 Rxe4 37. Bxe4 Bxb5 38. Ke3 1/2-1/2

[Event "Cto Aragón Equipos Pref Gr II"]
[Site "Aragon"]
[Date "2014.01.25"]
[Round "1.58"]
[White "Alonso Blasco, Jose Miguel"]
[Black "Cobo Garrido, Diego Israel"]
[Result "1/2-1/2"]
[WhiteElo "2105"]
[BlackElo "2045"]
[PlyCount "90"]
[EventDate "2014.??.??"]
[WhiteTeam "Las Fuentes"]
[BlackTeam "ONCE CA Aragon B"]

1. e4 e5 2. Nf3 Nc6 3. Bb5 a6 4. Bxc6 dxc6 5. O-O Bg4 6. h3 Bh5 7. d3 Bd6 8.
Nbd2 Qe7 9. Nc4 O-O-O 10. b3 f6 11. a4 g5 12. Nxd6+ Qxd6 13. Re1 Bf7 14. Ba3 c5
15. Nh2 h5 16. Qd2 Nh6 17. Qa5 g4 18. Qxc5 Qxc5 19. Bxc5 gxh3 20. gxh3 Rd7 21.
Kh1 Be6 22. h4 b6 23. Be3 Ng4 24. f3 Nxh2 25. Kxh2 Rg7 26. Rg1 Rhg8 27. Rxg7
Rxg7 28. a5 b5 29. Rg1 Rxg1 30. Kxg1 Kd7 31. Kf2 Bh3 32. Bc5 Be6 33. Ke3 Ke8
34. Ba3 Kd7 35. d4 Bh3 36. c4 bxc4 37. bxc4 Bf1 38. c5 Bc4 39. f4 exd4+ 40.
Kxd4 Be2 41. f5 Bd1 42. Bc1 Bb3 43. Bh6 Ke7 44. Bf4 c6 45. e5 Bc2 1/2-1/2

[Event "Cto Aragón Equipos Pref Gr II"]
[Site "Aragon"]
[Date "2014.01.25"]
[Round "1.59"]
[White "Ferrer Echavarri, Fco Javier"]
[Black "Mombiela De Sus, Jose Luis"]
[Result "1-0"]
[WhiteElo "1933"]
[BlackElo "2050"]
[PlyCount "97"]
[EventDate "2014.??.??"]
[WhiteTeam "ONCE CA Aragon B"]
[BlackTeam "Las Fuentes"]

1. d4 e6 2. c4 f5 3. g3 Nf6 4. Bg2 Bb4+ 5. Nd2 a5 6. a3 Be7 7. e4 fxe4 8. Nxe4
O-O 9. Nh3 d5 10. Nxf6+ Bxf6 11. cxd5 exd5 12. Nf4 c6 13. O-O Qb6 14. Be3 Na6
15. Qd3 Nc7 16. Nh5 Be7 17. Rfe1 Bf5 18. Qd2 Rae8 19. Bf4 Bg6 20. Bxc7 Qxc7 21.
Nf4 Bg5 22. Rxe8 Bxe8 23. Nxd5 Qxg3 24. hxg3 Bxd2 25. Rd1 Bg5 26. Ne3 Bh5 27.
Rd3 Bf3 28. Bxf3 Rxf3 29. Kg2 Rf7 30. Nc4 a4 31. Nb6 Bc1 32. Nxa4 b5 33. Rd1
bxa4 34. Rxc1 Rb7 35. Rxc6 Rxb2 36. Rc4 Rb3 37. Rxa4 Kf7 38. Ra7+ Kf6 39. d5 h5
40. d6 Rd3 41. d7 g6 42. a4 Ke7 43. a5 Kd8 44. Kh3 Rf3 45. Kg2 Rf6 46. a6 Rf5
47. Ra8+ Kxd7 48. a7 Ra5 49. Rh8 1-0

[Event "Cto Aragón Equipos Pref Gr II"]
[Site "Aragon"]
[Date "2014.01.25"]
[Round "1.60"]
[White "Javierre Conesa, Alfonso"]
[Black "Landa Garriga, Francisco Javie"]
[Result "1/2-1/2"]
[WhiteElo "1989"]
[BlackElo "1857"]
[PlyCount "59"]
[EventDate "2014.??.??"]
[WhiteTeam "Las Fuentes"]
[BlackTeam "ONCE CA Aragon B"]

1. d4 Nf6 2. Nf3 g6 3. c4 Bg7 4. Nc3 O-O 5. e4 d6 6. g3 Nc6 7. h3 e5 8. d5 Nd4
9. Bg2 c5 10. dxc6 bxc6 11. O-O c5 12. Be3 Bb7 13. Nd2 Qd7 14. Kh2 Nh5 15. f4
f5 16. Rb1 Bh6 17. Nd5 Bxd5 18. exd5 exf4 19. Bxf4 Bxf4 20. gxf4 Rfe8 21. Nb3
Nxb3 22. axb3 Re3 23. Rf3 Rae8 24. b4 cxb4 25. Rxe3 Rxe3 26. Qd4 Qe7 27. Ra1
Re1 28. Rxa7 Qh4 29. Ra8+ Kf7 30. Ra7+ 1/2-1/2

[Event "Cto Aragón Equipos Pref Gr II"]
[Site "Aragon"]
[Date "2014.01.25"]
[Round "1.61"]
[White "Baron Rodriguez, Jesus"]
[Black "Planas Torrea, Francisco Javie"]
[Result "1-0"]
[WhiteElo "2435"]
[BlackElo "2034"]
[PlyCount "59"]
[EventDate "2014.??.??"]
[WhiteTeam "IberCaja B "]
[BlackTeam "Ejea"]

1. e4 c6 2. Nc3 d5 3. Nf3 Bg4 4. h3 Bxf3 5. Qxf3 e6 6. d3 Nd7 7. Qg3 Qf6 8. Bd2
Bc5 9. f4 O-O-O 10. O-O-O Nb6 11. Be2 Qg6 12. Qf3 f5 13. g4 Nf6 14. e5 Nfd7 15.
Rdf1 Rhf8 16. Nd1 fxg4 17. hxg4 Qf7 18. Rxh7 Rh8 19. Rfh1 Rxh7 20. Rxh7 Nf8 21.
Rh8 Nbd7 22. c3 g5 23. d4 Bb6 24. f5 c5 25. Bxg5 Qg7 26. Bxd8 Qxh8 27. Bxb6
axb6 28. Bd3 Qh6+ 29. Qe3 Qh4 30. g5 1-0

[Event "Cto Aragón Equipos Pref Gr II"]
[Site "Aragon"]
[Date "2014.01.25"]
[Round "1.62"]
[White "Planas Torrea, Alberto"]
[Black "Aguirre Izaguirre, Pedro Jose"]
[Result "1/2-1/2"]
[WhiteElo "1920"]
[BlackElo "2206"]
[PlyCount "75"]
[EventDate "2014.??.??"]
[WhiteTeam "Ejea"]
[BlackTeam "IberCaja B "]

1. e4 c5 2. Nf3 Nc6 3. d4 cxd4 4. Nxd4 Nf6 5. Nc3 e5 6. Ndb5 d6 7. Bg5 a6 8.
Bxf6 gxf6 9. Na3 b5 10. Nd5 f5 11. exf5 Bxf5 12. Qf3 Nd4 13. Nc7+ Qxc7 14.
Qxa8+ Bc8 15. c3 Nc6 16. Nxb5 axb5 17. Bxb5 Kd7 18. Rd1 Qb6 19. Qa4 Kc7 20. O-O
Rg8 21. Rd3 Rg4 22. c4 Nd4 23. Kh1 Rf4 24. Qb4 Bf5 25. Rc3 Nc6 26. Qa4 Rxf2 27.
Rf3 Rxf3 28. Rxf3 Nd4 29. Ra3 Be4 30. Qa7+ Bb7 31. Qxb6+ Kxb6 32. Rh3 h6 33.
Be8 f5 34. b4 Ba6 35. Bf7 Nc2 36. Rb3 e4 37. a4 e3 38. Bh5 1/2-1/2

[Event "Cto Aragón Equipos Pref Gr II"]
[Site "Aragon"]
[Date "2014.01.25"]
[Round "1.64"]
[White "Galvez Longas, Isaac"]
[Black "Torcal Andolz, Alfonso"]
[Result "1-0"]
[WhiteElo "1708"]
[BlackElo "1766"]
[PlyCount "113"]
[EventDate "2014.??.??"]
[WhiteTeam "Ejea"]
[BlackTeam "IberCaja B "]

1. c4 c5 2. Nc3 Nf6 3. g3 g6 4. Bg2 Bg7 5. e3 O-O 6. Nge2 Nc6 7. O-O d6 8. d4
cxd4 9. exd4 Bf5 10. Be3 Qc8 11. Re1 Nb4 12. Qb3 Nc6 13. Rac1 Rb8 14. Nd5 Qd7
15. Nxf6+ Bxf6 16. d5 Ne5 17. Red1 b6 18. Nd4 Ng4 19. Nxf5 Qxf5 20. Bh3 Qh5 21.
Bxg4 Qxg4 22. Rd2 h5 23. Qd1 Qxd1+ 24. Rcxd1 Rfc8 25. b3 Bc3 26. Rc2 Bb4 27. a4
a5 28. Rdc1 Ba3 29. Ra1 Bb4 30. Re2 Rc7 31. Raa2 Rbb7 32. Bd4 Rb8 33. Re4 Rbb7
34. g4 hxg4 35. Rxg4 Bc5 36. Ba1 Rc8 37. Re2 Rbc7 38. Kg2 Ba3 39. Re3 Bc1 40.
Rh3 f6 41. Rxg6+ Kf7 42. Rg4 Rg8 43. Rxg8 Kxg8 44. Bd4 Rb7 45. Kf3 Kg7 46. Rg3+
Kf7 47. h4 Bh6 48. Ke4 Rb8 49. Kf5 Rb7 50. Rg6 Bg7 51. h5 Rb8 52. h6 Bh8 53.
Be3 Rb7 54. h7 Rb8 55. Rg8 Rxg8 56. hxg8=Q+ Kxg8 57. Bxb6 1-0

[Event "Cto Aragón Equipos Pref Gr II"]
[Site "Aragon"]
[Date "2014.01.25"]
[Round "1.66"]
[White "Gracia Campo, Carlos Alberto"]
[Black "Ferreruela Romero, Jose Joaqui"]
[Result "1-0"]
[WhiteElo "2049"]
[BlackElo "2001"]
[PlyCount "77"]
[EventDate "2014.??.??"]
[WhiteTeam "El Olivar C"]
[BlackTeam "Calatayud"]

1. e4 d5 2. exd5 Qxd5 3. Nc3 Qd8 4. d4 Nf6 5. h3 c6 6. Nf3 Bf5 7. Bd3 Bxd3 8.
Qxd3 e6 9. Bg5 Be7 10. O-O Nbd7 11. Rfe1 O-O 12. Rad1 h6 13. Bh4 Qb6 14. Ne5
Rfe8 15. Nc4 Qa6 16. Bg3 Red8 17. Bc7 Rdc8 18. Bd6 Bd8 19. Ne5 Qxd3 20. Rxd3
Ba5 21. Nxd7 Nxd7 22. b4 Bd8 23. Ne4 Bc7 24. Bxc7 Rxc7 25. c4 a5 26. Ra3 b6 27.
Nd6 Rca7 28. b5 Rc7 29. Rf3 Nf6 30. c5 bxc5 31. b6 Rd7 32. dxc5 Nd5 33. b7 Rb8
34. Ra3 Nb4 35. Rxa5 Nd3 36. Rd1 Nb4 37. Rb1 Nd3 38. Ra8 Rdd8 39. Nc8 1-0

[Event "Cto Aragón Equipos Pref Gr II"]
[Site "Aragon"]
[Date "2014.01.25"]
[Round "1.67"]
[White "Sanmiguel Mateo, Luis"]
[Black "Bailo Remacha, Santiago"]
[Result "1/2-1/2"]
[WhiteElo "1900"]
[BlackElo "2016"]
[PlyCount "136"]
[EventDate "2014.??.??"]
[WhiteTeam "Calatayud"]
[BlackTeam "El Olivar C"]

1. e3 c5 2. b3 Nc6 3. Bb2 b6 4. f4 Bb7 5. Nf3 d5 6. Bb5 a6 7. Bxc6+ Bxc6 8. O-O
e6 9. Ne5 Bb7 10. f5 Nf6 11. fxe6 fxe6 12. Ng4 Be7 13. Nxf6+ Bxf6 14. Qh5+ Ke7
15. Bxf6+ gxf6 16. d3 Qe8 17. Qh4 Qg6 18. Nd2 Rhg8 19. Rf2 d4 20. e4 Rg7 21.
Raf1 Rf8 22. Nc4 b5 23. Qf4 bxc4 24. Qc7+ Ke8 25. Qb8+ Kf7 26. Qxb7+ Kg8 27.
Qxa6 Qg4 28. e5 cxb3 29. axb3 Rg6 30. g3 f5 31. Rf4 Qe2 32. Qc4 Qxe5 33. b4
cxb4 34. Qxb4 Rd8 35. Qd2 Kf7 36. Re1 Qd6 37. Qf2 h5 38. Kf1 Qd5 39. Qg2 Kf6
40. Qxd5 Rxd5 41. Ke2 e5 42. Rf3 Kg5 43. Ref1 Rf6 44. h3 Rc5 45. Kd2 f4 46. Rg1
Kf5 47. Rgf1 Rfc6 48. Rc1 Kg5 49. gxf4+ exf4 50. Rg1+ Kf5 51. Rc1 Rg6 52. Rf2
Rgc6 53. Rf3 Kg5 54. Rf2 Rf5 55. Rcf1 Re6 56. c3 dxc3+ 57. Kxc3 Re3 58. Rf3
Rfe5 59. Rxf4 Rxh3 60. Rf8 Ree3 61. Rg1+ Rhg3 62. Rxg3+ Rxg3 63. Rg8+ Kh4 64.
Rxg3 Kxg3 65. d4 Kf4 66. Kd3 h4 67. Ke2 h3 68. Kf2 Ke4 1/2-1/2

[Event "Cto Aragón Equipos Pref Gr II"]
[Site "Aragon"]
[Date "2014.01.25"]
[Round "1.68"]
[White "Labrador Postigo, Francisco M"]
[Black "Belmonte Barragan, Avelino"]
[Result "1-0"]
[WhiteElo "1911"]
[BlackElo "1784"]
[PlyCount "83"]
[EventDate "2014.??.??"]
[WhiteTeam "El Olivar C"]
[BlackTeam "Calatayud"]

1. d4 d5 2. Nf3 c6 3. g3 Nf6 4. Bg2 g6 5. O-O Bg7 6. c4 O-O 7. Nc3 Nbd7 8. cxd5
cxd5 9. Bg5 h6 10. Be3 e6 11. Qc1 Kh7 12. h3 a6 13. a4 Ne8 14. Nh2 Nd6 15. Bf4
Nf5 16. e3 g5 17. g4 Nh4 18. Bd6 Re8 19. Qc2+ Kg8 20. Bh1 Nf6 21. Bg3 Ng6 22.
Rad1 h5 23. e4 h4 24. Be5 Nxe5 25. dxe5 Nd7 26. exd5 Bxe5 27. Nf3 Qf6 28. Rfe1
Qf4 29. Nxe5 Nxe5 30. d6 Bd7 31. Bxb7 Nf3+ 32. Bxf3 Qxf3 33. Qe4 Qf6 34. Qe5
Qg7 35. Qxg7+ Kxg7 36. Re5 f6 37. Rc5 Rec8 38. Rc7 Rd8 39. Ne4 Kg6 40. Nc5 Be8
41. d7 Bf7 42. Nb7 1-0

[Event "Cto Aragón Equipos Pref Gr II"]
[Site "Aragon"]
[Date "2014.01.25"]
[Round "1.69"]
[White "Bogomilov Georgiev, Georgi Ii"]
[Black "Hinojar Basa, Alfonso"]
[Result "1/2-1/2"]
[WhiteElo "1931"]
[BlackElo "2201"]
[PlyCount "149"]
[EventDate "2014.??.??"]
[WhiteTeam "Tauste B"]
[BlackTeam "Marcos Frechin"]

1. e4 e6 2. d4 d5 3. exd5 exd5 4. Nf3 Bg4 5. Qe2+ Qe7 6. Qxe7+ Bxe7 7. Ne5 Bf5
8. Nc3 c6 9. Bd3 Bxd3 10. Nxd3 Nd7 11. O-O O-O-O 12. Re1 Bf6 13. Ne2 Ne7 14. c3
h5 15. a4 Nf5 16. a5 a6 17. b3 h4 18. h3 Rhg8 19. Bf4 g5 20. Be5 g4 21. hxg4
Rxg4 22. f3 Rg5 23. Bf4 Rg7 24. Kf2 Rdg8 25. Rg1 Bd8 26. c4 dxc4 27. bxc4 Bf6
28. Ne5 Nxe5 29. dxe5 Be7 30. Be3 Nxe3 31. Kxe3 Bc5+ 32. Nd4 Rg5 33. Ke4 Rxg2
34. Rxg2 Rxg2 35. Rh1 Rf2 36. Rxh4 Bxd4 37. Kxd4 Rxf3 38. Rh7 Rf5 39. Ke4 Rf1
40. Kd4 Rf5 41. Rh8+ Kd7 42. Rb8 Kc7 43. Rh8 b6 44. Rh7 bxa5 45. Ke4 Rf1 46. e6
Kd6 47. exf7 Ke7 48. f8=Q+ Kxf8 49. Ra7 Ke8 50. Kd4 Rf5 51. Rxa6 Kd7 52. Ra8
Kc7 53. Rh8 Kb6 54. Rb8+ Ka7 55. Rc8 Kb7 56. Rh8 a4 57. Kc3 a3 58. Kb3 Ra5 59.
Ka2 Kb6 60. Rh7 Ra4 61. Rh5 Rxc4 62. Kxa3 Rc5 63. Rh8 Rg5 64. Kb3 Kc5 65. Ra8
Rg3+ 66. Kc2 Kb4 67. Rb8+ Kc4 68. Ra8 Rg2+ 69. Kc1 Kb4 70. Rh8 c5 71. Rh7 c4
72. Rh3 Rg1+ 73. Kc2 Rg2+ 74. Kc1 c3 75. Rh8 1/2-1/2

[Event "Cto Aragón Equipos Pref Gr II"]
[Site "Aragon"]
[Date "2014.01.25"]
[Round "1.70"]
[White "Sebastian Bespin, Ruben"]
[Black "Turon Perez, David"]
[Result "1-0"]
[WhiteElo "2153"]
[BlackElo "1924"]
[PlyCount "59"]
[EventDate "2014.??.??"]
[WhiteTeam "Marcos Frechin"]
[BlackTeam "Tauste B"]

1. e4 c6 2. d4 d5 3. e5 c5 4. Nf3 Bg4 5. Be2 Nc6 6. dxc5 e6 7. Nbd2 Bxc5 8. O-O
Nge7 9. h3 Bxf3 10. Nxf3 Ng6 11. Bb5 O-O 12. Bxc6 bxc6 13. Qe2 Qb6 14. h4 Bd4
15. h5 Ne7 16. c3 Bc5 17. b4 Bxb4 18. cxb4 Qxb4 19. h6 g6 20. a4 c5 21. Ba3 Qa5
22. Qb5 Qxb5 23. axb5 Rfc8 24. Rfc1 Nf5 25. Rxc5 Nxh6 26. Nd4 Re8 27. Rc7 Nf5
28. Nxf5 exf5 29. Bd6 Reb8 30. Rcxa7 1-0

[Event "Cto Aragón Equipos Pref Gr II"]
[Site "Aragon"]
[Date "2014.01.25"]
[Round "1.71"]
[White "Constin Balesescu, Ion"]
[Black "Jario Garcia, Ricardo"]
[Result "0-1"]
[WhiteElo "1781"]
[BlackElo "2120"]
[PlyCount "106"]
[EventDate "2014.??.??"]
[WhiteTeam "Tauste B"]
[BlackTeam "Marcos Frechin"]

1. e4 e6 2. Nf3 d5 3. exd5 exd5 4. d4 Bd6 5. Bd3 Bg4 6. h3 Bh5 7. Nc3 c6 8. Be3
Ne7 9. g4 Bg6 10. Nh4 Nd7 11. f4 Bxd3 12. Qxd3 Qc7 13. Rf1 O-O-O 14. O-O-O Rde8
15. Rde1 Nf8 16. Re2 Neg6 17. Ng2 Ne6 18. Ref2 Nd8 19. h4 h5 20. Qf5+ Qd7 21.
Qxd7+ Kxd7 22. f5 Nxh4 23. Nxh4 Rxe3 24. Ng2 Rg3 25. gxh5 Rxh5 26. Ne2 Rg4 27.
Ne3 Rgh4 28. Kd2 Rh2 29. Rf3 f6 30. Rg1 Rh7 31. Kd3 Nf7 32. b3 Ng5 33. Rff1
R7h3 34. c4 b5 35. cxd5 cxd5 36. a4 b4 37. Rg4 Rxe3+ 38. Kxe3 Rh3+ 39. Kd2 Rxb3
40. Ra1 Rf3 41. Nc1 Rxf5 42. Nd3 Ne6 43. Ke3 Rh5 44. Rf1 a5 45. Rg2 Rh4 46.
Nc5+ Bxc5 47. dxc5 Rc4 48. Rd1 Rxc5 49. Rgd2 d4+ 50. Kf3 Rc3+ 51. Rd3 Kc6 52.
Ke4 Nc5+ 53. Kxd4 Rxd3+ 0-1

[Event "Cto Aragón Equipos Pref Gr II"]
[Site "Aragon"]
[Date "2014.01.25"]
[Round "1.72"]
[White "Torres Ferrandez, Mario"]
[Black "San Lazaro Lorente, David"]
[Result "1-0"]
[WhiteElo "1889"]
[BlackElo "1778"]
[PlyCount "79"]
[EventDate "2014.??.??"]
[WhiteTeam "Marcos Frechin"]
[BlackTeam "Tauste B"]

1. c4 c6 2. g3 Nf6 3. Bg2 g6 4. e4 d6 5. Nc3 Bg7 6. Nge2 O-O 7. O-O Qb6 8. d4
Rd8 9. Na4 Qc7 10. f4 e6 11. e5 Ne8 12. Qb3 d5 13. cxd5 cxd5 14. Bd2 Bd7 15.
Rac1 Bc6 16. Qf3 Qe7 17. Nc5 Nd7 18. Nd3 Nb6 19. Bb4 Qc7 20. b3 Bf8 21. Bxf8
Kxf8 22. g4 Ng7 23. Ng3 Qe7 24. f5 gxf5 25. gxf5 exf5 26. Nxf5 Nxf5 27. Qxf5
Kg7 28. e6 Qxe6 29. Ne5 Qxf5 30. Rxf5 f6 31. Nxc6 Rdc8 32. Bxd5 Nxd5 33. Rxd5
Rxc6 34. Rxc6 bxc6 35. Rc5 Rd8 36. Rc4 Kg6 37. Kf2 c5 38. dxc5 Rd2+ 39. Ke3
Rxa2 40. c6 1-0

[Event "Cto Aragón Equipos Div Honor Gr I"]
[Site "Aragon"]
[Date "2014.02.01"]
[Round "2.1"]
[White "Cifuentes Parada, Roberto"]
[Black "Galve Guinea, Alejandro"]
[Result "1-0"]
[WhiteElo "2458"]
[BlackElo "2037"]
[PlyCount "41"]
[EventDate "2014.??.??"]
[EventCountry "ESP"]
[WhiteTeam "Jaque"]
[BlackTeam "El Olivar B"]

1. d4 d5 2. Nf3 Nf6 3. c4 c6 4. e3 e6 5. Bd3 Nbd7 6. O-O Bd6 7. Nbd2 O-O 8. e4
dxe4 9. Nxe4 Nxe4 10. Bxe4 Nf6 11. Bc2 c5 12. Bg5 cxd4 13. Qxd4 Be7 14. Qh4 h6
15. Rad1 Qa5 16. b4 Qxb4 17. Bxh6 gxh6 18. Qxh6 e5 19. Ng5 e4 20. Bxe4 Bg4 21.
Bh7+ 1-0

[Event "Cto Aragón Equipos Div Honor Gr I"]
[Site "Aragon"]
[Date "2014.02.01"]
[Round "2.2"]
[White "Sarto Ramos, Angel"]
[Black "Accattato Martin, Mario"]
[Result "0-1"]
[WhiteElo "1963"]
[BlackElo "2232"]
[PlyCount "72"]
[EventDate "2014.??.??"]
[EventCountry "ESP"]
[WhiteTeam "El Olivar B"]
[BlackTeam "Jaque"]

1. d4 c5 2. e3 d5 3. Nf3 e6 4. Bd3 Nf6 5. Nbd2 Nc6 6. Ne5 Nxe5 7. dxe5 Nd7 8.
Nf3 Qc7 9. c4 dxc4 10. Bxc4 a6 11. O-O Nxe5 12. Nxe5 Qxe5 13. f4 Qc7 14. Qc2
Be7 15. Bd3 f5 16. e4 O-O 17. a4 Bd7 18. Be3 Rac8 19. exf5 exf5 20. g4 c4 21.
Rfc1 b5 22. axb5 axb5 23. gxf5 Bc5 24. Qf2 Bxf5 25. Bf1 Be4 26. Bxc5 Rxf4 27.
Bb6 Rg4+ 28. Bg2 Qc6 29. Qd4 Rxg2+ 30. Kf1 Rf8+ 31. Ke1 Re8 32. Kf1 Qg6 33. Rd1
Qf5+ 34. Qf2 Rxf2+ 35. Bxf2 Bd3+ 36. Kg1 Qf3 0-1

[Event "Cto Aragón Equipos Div Honor Gr I"]
[Site "Aragon"]
[Date "2014.02.01"]
[Round "2.3"]
[White "Abos Rosico, Antonio"]
[Black "De La Riva Fernandez, Eduardo"]
[Result "1-0"]
[WhiteElo "2073"]
[BlackElo "1965"]
[PlyCount "87"]
[EventDate "2014.??.??"]
[EventCountry "ESP"]
[WhiteTeam "Jaque"]
[BlackTeam "El Olivar B"]

1. e4 e6 2. d4 d5 3. Nd2 Nf6 4. e5 Nfd7 5. Bd3 c5 6. c3 Nc6 7. Ne2 Qb6 8. Nf3
cxd4 9. cxd4 Be7 10. O-O f6 11. Nf4 Nf8 12. exf6 gxf6 13. Re1 Bd7 14. b4 O-O-O
15. b5 Nb4 16. Bf1 Bxb5 17. Bxb5 Qxb5 18. Nxe6 Nxe6 19. Rxe6 Qd7 20. Qe2 Rhe8
21. Bf4 Bd6 22. Rc1+ Nc6 23. Rxe8 Rxe8 24. Qd2 Re4 25. Be3 Kb8 26. g3 f5 27.
Ng5 Re7 28. Bf4 h6 29. Nf3 h5 30. Ng5 h4 31. gxh4 Qc7 32. Bxd6 Qxd6 33. f4 Qf6
34. Rd1 Qg7 35. h5 Qh8 36. h6 Qxh6 37. Re1 Qf6 38. Rxe7 Qxe7 39. h4 Qg7 40. h5
Qh8 41. Qd1 Nxd4 42. h6 Ne6 43. Nxe6 Qg8+ 44. Ng5 1-0

[Event "Cto Aragón Equipos Div Honor Gr I"]
[Site "Aragon"]
[Date "2014.02.01"]
[Round "2.4"]
[White "Hernandez Delgado, Gabriel"]
[Black "Mancho Fondevila, Jorge"]
[Result "1/2-1/2"]
[WhiteElo "1931"]
[BlackElo "1846"]
[PlyCount "81"]
[EventDate "2014.??.??"]
[EventCountry "ESP"]
[WhiteTeam "El Olivar B"]
[BlackTeam "Jaque"]

1. Nf3 d5 2. d4 Nf6 3. e3 g6 4. Nbd2 Bg7 5. b4 O-O 6. c4 c6 7. Be2 Ne4 8. Bb2
Nd7 9. cxd5 cxd5 10. O-O b6 11. Qa4 Bb7 12. Rfc1 Nxd2 13. Nxd2 a6 14. b5 a5 15.
Rc2 Rc8 16. Rac1 e5 17. Rxc8 Bxc8 18. Qc2 exd4 19. Bxd4 Be5 20. Nf3 Bd6 21. Bb2
Nc5 22. Qc3 f6 23. Qd4 Bb7 24. Qh4 Qe7 25. Nd4 Be5 26. Ba3 Rc8 27. Bf3 Qd6 28.
Rd1 Qc7 29. Nc6 Bxc6 30. bxc6 Rd8 31. Bxc5 bxc5 32. Bxd5+ Kg7 33. f4 Bc3 34. e4
Bd4+ 35. Kf1 Qb8 36. Qe1 Qxf4+ 37. Ke2 Qe3+ 38. Kf1 Qg1+ 39. Ke2 Qe3+ 40. Kf1
Qg1+ 41. Ke2 1/2-1/2